000 00700nam a2200241Ia 4500
003 OSt
005 20220918202509.0
006 a|||||r|||| 00| 0
007 ta
008 220917b |||||||| |||| 00| 0 eng d
024 _a101,715
037 _cTextual
040 _aARTS
_cARTS
_beng
041 _2eng
_aeng
082 _aV236:1:E, K4-;1
100 _aBuddha Prakash
_953874
245 0 _aPolitical and social movements in ancient Panjab
_b from the vedic age up to the Maurya Period
260 _aDelhi
_bMotilal Banarsidass
_c1964
300 _axi,276p.
_ccm.
650 _aHISTORY
942 _hV236:1:E, K4-;1
_cTEXL
_2CC
999 _c225175
_d225175